Highway engineering (Record no. 11916)

000 -LEADER
fixed length control field 00508nam a2200205 i 4500
001 - CONTROL NUMBER
control field 11916
003 - CONTROL NUMBER IDENTIFIER
control field BD-DhUET
008 - FIXED-LENGTH DATA ELEMENTS--GENERAL INFORMATION
fixed length control field 780725s1979 nyua b 001 0 eng
020 ## - INTERNATIONAL STANDARD BOOK NUMBER
International Standard Book Number 0471072605
040 ## - CATALOGING SOURCE
Original cataloging agency DLC
Transcribing agency DLC
Modifying agency BD-DhUET
082 00 - DEWEY DECIMAL CLASSIFICATION NUMBER
Classification number 625.7
Item number WRI/1979
100 1# - MAIN ENTRY--PERSONAL NAME
Personal name Wright, Paul H.
245 10 - TITLE STATEMENT
Title Highway engineering
250 ## - EDITION STATEMENT
Edition statement 4th ed.
260 ## - PUBLICATION, DISTRIBUTION, ETC. (IMPRINT)
Place of publication, distribution, etc. New York
Name of publisher, distributor, etc. John Wiley & Sons
Date of publication, distribution, etc. 1979
300 ## - PHYSICAL DESCRIPTION
Extent 828 p.
Other physical details ill.
650 #0 - SUBJECT ADDED ENTRY--TOPICAL TERM
Topical term or geographic name as entry element Highway engineering
700 ## - ADDED ENTRY--PERSONAL NAME
Personal name Paquette, Radnor J.
942 ## - ADDED ENTRY ELEMENTS (KOHA)
Koha item type General Book
Holdings
Date acquired Not for loan Koha item type Withdrawn status Koha full call number Source of classification or shelving scheme Koha normalized classification for sorting Copy number Lost status Price effective from Location (home branch) Piece designation (barcode) Shelving location Sublocation or collection (holding branch) Koha date last seen Damaged status
2015-02-22 General Book 625.7/WRI/1979 625_700000000000000_WRI_19791 2015-02-22Central Library, BUET53924Circulation sectionCentral Library, BUET2015-09-20 
2015-06-23 General Book 625.7/WRI/1979 625_700000000000000_WRI_19792 2015-06-23Central Library, BUET48728Reading sectionCentral Library, BUET2015-06-23 
2015-06-23 General Book 625.7/WRI/1979 625_700000000000000_WRI_19793 2015-06-23Central Library, BUET48727Reading sectionCentral Library, BUET2015-06-23 
2015-06-23 General Book 625.7/WRI/1979 625_700000000000000_WRI_19794 2015-06-23Central Library, BUET51825Reading sectionCentral Library, BUET2015-06-23 
2015-06-29 General Book 625.7/WRI/1979 625_700000000000000_WRI_19795 2015-06-29Central Library, BUET48729Reading sectionCentral Library, BUET2015-06-29 
2015-08-17 General Book 625.7/WRI/1979 625_700000000000000_WRI_19796 2015-08-17Central Library, BUET53921Circulation sectionCentral Library, BUET2015-08-17